| 000 | 00590nam a2200217Ia 4500 | ||
|---|---|---|---|
| 005 | 20250508165057.0 | ||
| 008 | 008 250505s9999 xx 000 0 eng d | ||
| 020 | _a019-562373-8 | ||
| 037 | _aTextual | ||
| 040 |
_aFEDL _beng _cFEDL |
||
| 041 |
_aeng _2eng |
||
| 084 |
_a909, COO _qFEDL |
||
| 100 | _aCoomaraswamy Ananda K | ||
| 245 | 0 | _aWhat is civilisation? And other essays | |
| 260 |
_aNew Delhi, India _bOxford University Press _c1989 |
||
| 300 | _axi,193p. | ||
| 365 |
_aINR _b250 |
||
| 546 | _aMACESE | ||
| 942 |
_cTEXL _h909, COO |
||
| 999 |
_c1393022 _d1393022 |
||